[Event "Titled Tuesday intern op 30th June"]
[Site "Chess.com INT"]
[Date "2020.06.30"]
[Round "2"]
[White "Bryzgalin, Kirill"]
[Black "Toolin, Christopher"]
[Result "1-0"]
[WhiteElo "2449"]
[BlackElo "2146"]
[PlyCount "83"]
[EventDate "2020.06.30"]
[EventType "swiss (blitz)"]
[EventRounds "10"]
[EventCountry "USA"]
[SourceTitle "CBM 197 Extra"]
[Source "ChessBase"]
[SourceDate "2020.09.30"]
[SourceVersion "1"]
[SourceVersionDate "2020.09.30"]
[SourceQuality "1"]

1. d4 Nf6 2. c4 e6 3. Nc3 d5 4. Bf4 Bb4 5. Qa4+ Nc6 6. e3 0-0 7. Nf3 Ne4 8. Rc1 Bd7 9. cxd5 exd5 10. Qb3 Be6 11. Be2 b6 12. 0-0 Bxc3 13. bxc3 g5 14. Bg3 g4 15. Nh4 Nd2 16. Qc2 Nxf1 17. Rxf1 Qg5 18. Bd3 f5 19. Re1 Rf7 20. a3 Rc8 21. c4 Ne7 22. c5 c6 23. a4 Ng6 24. Nxg6 hxg6 25. Rb1 bxc5 26. Qxc5 Qe7 27. Bd6 Qd7 28. Ba6 Rd8 29. Bf4 Kg7 30. a5 Kh7 31. h4 gxh3 32. gxh3 Rg8 33. h4 Qd8 34. Bg5 Qc7 35. Rb7 Qxb7 36. Bxb7 Rxb7 37. a6 Rb1+ 38. Kg2 f4 39. Qe7+ Rg7 40. Qxe6 Rb6 41. Bxf4 Rxa6 42. Be5 1-0

[Event "Titled Tuesday intern op 30th June"]
[Site "Chess.com INT"]
[Date "2020.06.30"]
[Round "9"]
[White "Florescu, Codrut Constantin"]
[Black "Bryzgalin, Kirill"]
[Result "1/2-1/2"]
[WhiteElo "2293"]
[BlackElo "2449"]
[PlyCount "113"]
[EventDate "2020.06.30"]
[EventType "swiss (blitz)"]
[EventRounds "10"]
[EventCountry "USA"]
[SourceTitle "CBM 197 Extra"]
[Source "ChessBase"]
[SourceDate "2020.09.30"]
[SourceVersion "1"]
[SourceVersionDate "2020.09.30"]
[SourceQuality "1"]

1. e4 e5 2. Nf3 Nc6 3. Bb5 a6 4. Ba4 d6 5. d3 g6 6. c3 Bg7 7. 0-0 Nge7 8. Be3 0-0 9. d4 exd4 10. cxd4 b5 11. Bb3 Bg4 12. Nc3 Na5 13. h3 Bc8 14. Bc2 Nc4 15. Bc1 Bb7 16. b3 Nb6 17. Bd2 c5 18. d5 b4 19. Ne2 a5 20. a4 Ba6 21. Rb1 Re8 22. Re1 Rc8 23. Be3 Rc7 24. Nd2 Nec8 25. Nf4 Rce7 26. Bd3 Bxd3 27. Nxd3 Bc3 28. f3 Qd7 29. Bg5 f6 30. Bh4 Rf7 31. Re2 Qa7 32. Bf2 Qa6 33. Nb2 Bxb2 34. Rxb2 Nd7 35. Nc4 Ne5 36. Nxe5 fxe5 37. h4 Nb6 38. h5 gxh5 39. Qd2 Rg7 40. Qh6 Nd7 41. Qxh5 Rf8 42. Rbc2 Rg6 43. Bh4 Rf7 44. Be1 Qd3 45. Qh4 Qxf3 46. Qd8+ Nf8 47. Rf2 Qe3 48. Rce2 Qd4 49. Bd2 Rgg7 50. Be3 Qa1+ 51. Kh2 Qd1 52. Bh6 Rxf2 53. Rxf2 Qh5+ 54. Kg1 Qd1+ 55. Kh2 Qh5+ 56. Kg1 Qd1+ 57. Kh2 1/2-1/2

[Event "Titled Tuesday intern op 30th June"]
[Site "Chess.com INT"]
[Date "2020.06.30"]
[Round "3"]
[White "Gheorghiu, Calin"]
[Black "Bryzgalin, Kirill"]
[Result "0-1"]
[WhiteElo "2283"]
[BlackElo "2449"]
[PlyCount "62"]
[EventDate "2020.06.30"]
[EventType "swiss (blitz)"]
[EventRounds "10"]
[EventCountry "USA"]
[SourceTitle "CBM 197 Extra"]
[Source "ChessBase"]
[SourceDate "2020.09.30"]
[SourceVersion "1"]
[SourceVersionDate "2020.09.30"]
[SourceQuality "1"]

1. e4 c5 2. Nf3 e6 3. g3 a6 4. Bg2 b5 5. 0-0 Bb7 6. Qe2 Nc6 7. c3 Nf6 8. d3 Be7 9. Re1 0-0 10. Nbd2 d6 11. Nf1 Qc7 12. h4 Rfe8 13. N1h2 h6 14. g4 Nd7 15. g5 h5 16. g6 fxg6 17. Bg5 Nde5 18. d4 cxd4 19. cxd4 Nf7 20. Rac1 Qb6 21. Qd2 Bxg5 22. hxg5 e5 23. d5 Ne7 24. Bh3 Bc8 25. Be6 Bxe6 26. dxe6 Nd8 27. Red1 Nxe6 28. Qxd6 Qxd6 29. Rxd6 Nf4 30. Nxe5 Ne2+ 31. Kg2 Nxc1 0-1

[Event "Titled Tuesday intern op 30th June"]
[Site "Chess.com INT"]
[Date "2020.06.30"]
[Round "1"]
[White "Popadic, Dragan"]
[Black "Bryzgalin, Kirill"]
[Result "1-0"]
[WhiteElo "2180"]
[BlackElo "2449"]
[PlyCount "67"]
[EventDate "2020.06.30"]
[EventType "swiss (blitz)"]
[EventRounds "10"]
[EventCountry "USA"]
[SourceTitle "CBM 197 Extra"]
[Source "ChessBase"]
[SourceDate "2020.09.30"]
[SourceVersion "1"]
[SourceVersionDate "2020.09.30"]
[SourceQuality "1"]

1. e4 c5 2. Nc3 e6 3. d3 a6 4. g4 b5 5. Bg2 Bb7 6. Nh3 d6 7. 0-0 Nc6 8. f4 h6 9. Ne2 Be7 10. Ng3 Qc7 11. c3 Nf6 12. Qe2 Nd7 13. a4 b4 14. Be3 a5 15. Rac1 Ba6 16. Nf2 Nb6 17. f5 Nxa4 18. fxe6 fxe6 19. Nh5 g5 20. e5 d5 21. Nf6+ Bxf6 22. exf6 0-0 23. h4 Qg3 24. hxg5 hxg5 25. Bxg5 Rae8 26. Bh6 Rxf6 27. g5 Rg6 28. Qh5 Ne7 29. Ng4 Bxd3 30. Nf6+ Rxf6 31. Rxf6 Qe3+ 32. Kh2 Qe5+ 33. Kh1 Ng6 34. Rxg6+ 1-0

[Event "Titled Tuesday intern op 16th June"]
[Site "Chess.com INT"]
[Date "2020.06.16"]
[Round "7"]
[White "Bryzgalin, Kirill"]
[Black "Erigaisi, Arjun Kumar"]
[Result "1/2-1/2"]
[WhiteElo "2449"]
[BlackElo "2559"]
[PlyCount "107"]
[EventDate "2020.06.16"]
[EventType "swiss (blitz)"]
[EventRounds "10"]
[EventCountry "USA"]
[SourceTitle "EXT 2021"]
[Source "ChessBase"]
[SourceDate "2020.10.23"]
[SourceVersion "1"]
[SourceVersionDate "2020.10.23"]
[SourceQuality "1"]

1. d4 Nf6 2. Nf3 d5 3. Bg5 Ne4 4. Bh4 c5 5. e3 Nc6 6. c3 Qb6 7. Qc1 Bf5 8. Nbd2 e6 9. Be2 Rc8 10. 0-0 cxd4 11. exd4 Bd6 12. Nxe4 dxe4 13. Nd2 Nxd4 14. Re1 0-0 15. Bf1 Bf4 16. Nc4 Qc7 17. Ne3 Nc6 18. Bg3 Bxg3 19. hxg3 Bg6 20. Qc2 Rfd8 21. Rad1 Ne5 22. Qa4 Nd3 23. Bxd3 exd3 24. Rd2 a6 25. Ng4 Rd5 26. Qf4 e5 27. Rxe5 Rdd8 28. Re3 Qa5 29. a3 f6 30. Nh2 Qd5 31. Nf3 Rc4 32. Nd4 b5 33. Qf3 Qxf3 34. gxf3 h5 35. f4 Rd5 36. f5 Bxf5 37. Nxf5 Rxf5 38. Rexd3 h4 39. Kg2 hxg3 40. fxg3 Rg4 41. Rd8+ Kh7 42. R8d4 Rg6 43. Rh4+ Kg8 44. Rd8+ Kf7 45. Rd7+ Ke6 46. Ra7 Rd5 47. Re4+ Kf5 48. Rf4+ Ke5 49. Rxa6 Rd2+ 50. Rf2 Rd3 51. Rf3 Rd2+ 52. Rf2 Rd3 53. Rf3 Rd2+ 54. Rf2 1/2-1/2

[Event "Titled Tuesday intern op 16th June"]
[Site "Chess.com INT"]
[Date "2020.06.16"]
[Round "6"]
[White "Bryzgalin, Kirill"]
[Black "Paravyan, David"]
[Result "1/2-1/2"]
[WhiteElo "2449"]
[BlackElo "2653"]
[PlyCount "130"]
[EventDate "2020.06.16"]
[EventType "swiss (blitz)"]
[EventRounds "10"]
[EventCountry "USA"]
[SourceTitle "EXT 2021"]
[Source "ChessBase"]
[SourceDate "2020.10.23"]
[SourceVersion "1"]
[SourceVersionDate "2020.10.23"]
[SourceQuality "1"]

1. d4 Nf6 2. Nf3 g6 3. e3 Bg7 4. b4 0-0 5. Nbd2 b6 6. c4 Bb7 7. Be2 Ne4 8. Nxe4 Bxe4 9. 0-0 c5 10. Ba3 cxd4 11. Nxd4 Nc6 12. Rc1 Rc8 13. b5 Na5 14. Qa4 d6 15. Rfd1 Qc7 16. Bb4 Nb7 17. f3 Nc5 18. Bxc5 dxc5 19. fxe4 cxd4 20. exd4 Bxd4+ 21. Kh1 Rfd8 22. g3 h5 23. Kg2 h4 24. Qb3 Qd7 25. gxh4 Qe6 26. Qf3 Bb2 27. Rb1 Bg7 28. Rd5 Rxd5 29. exd5 Qe5 30. Rf1 Rf8 31. h5 gxh5 32. Qxh5 Qxh5 33. Bxh5 Bf6 34. Bg4 Rd8 35. Kf3 Kg7 36. Ke4 Ra8 37. d6 exd6 38. Kd5 Be5 39. h3 a6 40. a4 axb5 41. axb5 Ra2 42. Kc6 Bd4 43. Bf3 Bc5 44. Bd5 f6 45. Rf3 Rh2 46. Kd7 Re2 47. Rg3+ Kh6 48. Be6 Re5 49. Rf3 Kg5 50. Bd5 f5 51. Be6 f4 52. Rf1 Re2 53. h4+ Kxh4 54. Rxf4+ Kg5 55. Rf5+ Kg6 56. Rf7 Ra2 57. Bd5 Ra7+ 58. Ke8 Rxf7 59. Bxf7+ Kf6 60. Bd5 Ke5 61. Kd7 Kd4 62. Kc6 Kc3 63. Kd7 Kd4 64. Kc6 Kc3 65. Kd7 Kd4 1/2-1/2

[Event "Titled Tuesday intern op 6th June"]
[Site "Chess.com INT"]
[Date "2020.06.02"]
[Round "6"]
[White "Bryzgalin, Kirill"]
[Black "Morozevich, Alexander"]
[Result "1-0"]
[WhiteElo "2449"]
[BlackElo "2659"]
[PlyCount "79"]
[EventDate "2020.06.02"]
[EventType "swiss (blitz)"]
[EventRounds "10"]
[EventCountry "USA"]
[SourceTitle "CBM 196 Extra"]
[Source "ChessBase"]
[SourceDate "2020.07.31"]
[SourceVersion "1"]
[SourceVersionDate "2020.07.31"]
[SourceQuality "1"]

1. d4 d5 2. Nf3 Bf5 3. Bf4 e6 4. e3 Bd6 5. Bg3 Nf6 6. Nbd2 Ne4 7. Nxe4 dxe4 8. Nd2 h5 9. Bxd6 cxd6 10. f3 exf3 11. Qxf3 Nc6 12. c3 d5 13. Be2 Bg4 14. Qf2 Bxe2 15. Qxe2 f5 16. 0-0-0 Qg5 17. Kb1 0-0 18. Nf3 Qf6 19. c4 Rad8 20. h4 f4 21. e4 Qg6 22. Rhe1 Rf6 23. Ka1 dxc4 24. Qxc4 Qxg2 25. Ng5 Re8 26. d5 Ne5 27. Qa4 Rc8 28. Rc1 Rxc1+ 29. Rxc1 Rf8 30. Nxe6 Qd2 31. Rd1 b5 32. Rxd2 bxa4 33. Nxf8 Kxf8 34. Rf2 f3 35. Kb1 Ke7 36. Kc2 Kd6 37. Kd2 Nc4+ 38. Kc3 Ne5 39. Kd4 a5 40. a3 1-0

[Event "Titled Tuesday intern op 26th May"]
[Site "Chess.com INT"]
[Date "2020.05.26"]
[Round "2"]
[White "Bryzgalin, Kirill"]
[Black "Fischer, Daniel1111"]
[Result "0-1"]
[WhiteElo "2449"]
[BlackElo "2331"]
[PlyCount "64"]
[EventDate "2020.05.26"]
[EventType "swiss (blitz)"]
[EventRounds "10"]
[EventCountry "USA"]
[SourceTitle "CBM 196 Extra"]
[Source "ChessBase"]
[SourceDate "2020.07.31"]
[SourceVersion "1"]
[SourceVersionDate "2020.07.31"]
[SourceQuality "1"]

1. d4 Nf6 2. c4 e6 3. Nc3 Bb4 4. Qc2 Nc6 5. e3 d6 6. Nge2 e5 7. d5 Ne7 8. a3 Bf5 9. Qa4+ Nd7 10. Qxb4 Nc5 11. Ng3 a5 12. Qb5+ c6 13. dxc6 bxc6 14. Qxc5 dxc5 15. e4 Be6 16. Be3 Rb8 17. Na4 0-0 18. Bxc5 Re8 19. Be2 Ng6 20. 0-0 Nf4 21. Rfd1 Qf6 22. Bf1 Red8 23. Bb6 Rxd1 24. Rxd1 h5 25. Bxa5 h4 26. Ne2 Qg5 27. Nxf4 exf4 28. Bc7 Rc8 29. Bd6 h3 30. g3 fxg3 31. hxg3 Bg4 32. Rd3 Qc1 0-1

[Event "Titled Tuesday intern op 26th May"]
[Site "Chess.com INT"]
[Date "2020.05.26"]
[Round "9"]
[White "Galyas, Miklos"]
[Black "Bryzgalin, Kirill"]
[Result "1-0"]
[WhiteElo "2476"]
[BlackElo "2449"]
[PlyCount "61"]
[EventDate "2020.05.26"]
[EventType "swiss (blitz)"]
[EventRounds "10"]
[EventCountry "USA"]
[SourceTitle "CBM 196 Extra"]
[Source "ChessBase"]
[SourceDate "2020.07.31"]
[SourceVersion "1"]
[SourceVersionDate "2020.07.31"]
[SourceQuality "1"]

1. c4 e5 2. g3 Nf6 3. Bg2 d5 4. cxd5 Nxd5 5. Nc3 Nb6 6. e3 Be7 7. Nge2 0-0 8. 0-0 c6 9. f4 N8d7 10. d4 exd4 11. exd4 Nf6 12. f5 Nbd5 13. Kh1 b6 14. Nxd5 Nxd5 15. Nc3 Ba6 16. Rf2 Rc8 17. Nxd5 cxd5 18. Bf4 Qd7 19. Qh5 Bd3 20. Re1 Bb4 21. Re5 Be4 22. f6 Bg6 23. Qh4 gxf6 24. Qxf6 Rc6 25. Qh4 Rd6 26. Bg5 Re8 27. Bf6 Ree6 28. g4 Qc6 29. g5 Rxe5 30. dxe5 Re6 31. Qxb4 1-0

[Event "Titled Tuesday intern op 26th May"]
[Site "Chess.com INT"]
[Date "2020.05.26"]
[Round "6"]
[White "Novik, Maxim"]
[Black "Bryzgalin, Kirill"]
[Result "0-1"]
[WhiteElo "2434"]
[BlackElo "2449"]
[PlyCount "122"]
[EventDate "2020.05.26"]
[EventType "swiss (blitz)"]
[EventRounds "10"]
[EventCountry "USA"]
[SourceTitle "CBM 196 Extra"]
[Source "ChessBase"]
[SourceDate "2020.07.31"]
[SourceVersion "1"]
[SourceVersionDate "2020.07.31"]
[SourceQuality "1"]

1. c4 e5 2. g3 Nf6 3. Bg2 d5 4. cxd5 Nxd5 5. Nc3 Nb6 6. d3 Be7 7. Nf3 Nc6 8. 0-0 0-0 9. a3 a5 10. Be3 Be6 11. Rc1 f6 12. Na4 Rf7 13. Nxb6 cxb6 14. Nd2 Bf8 15. a4 Nd4 16. Nc4 Bc5 17. Bxd4 Bxd4 18. Qb3 Rc8 19. e3 Bc5 20. Rfd1 Rd7 21. Be4 Kh8 22. Qb5 Ra8 23. Rd2 g6 24. Rcd1 Bf7 25. Qb3 Rc8 26. Qb5 Kg7 27. Rc1 Ra8 28. Rdc2 h5 29. b4 Bxc4 30. Rxc4 axb4 31. Rxc5 bxc5 32. Rxc5 Rc8 33. Rxc8 Qxc8 34. Qxb4 Qf8 35. Qb5 Qe7 36. a5 f5 37. Bg2 Kf6 38. h4 Kg7 39. Bf3 Kf6 40. Bg2 Rc7 41. Qb6+ Kg7 42. d4 exd4 43. Qxd4+ Qf6 44. Qb4 Qe7 45. Qd4+ Kh7 46. Qb6 Rd7 47. Bf3 Qf7 48. Kg2 Qe7 49. Qb5 Rc7 50. Qb6 Qf7 51. Qa7 Qd7 52. Qb8 Qe7 53. Qa7 Qg7 54. Qb6 Kh6 55. Bd5 Qe7 56. Bf3 Kg7 57. Qd4+ Kh7 58. e4 Rd7 59. Qc4 fxe4 60. Bxe4 Qf7 61. Bf3 Qxc4 0-1

[Event "Titled Tuesday intern op 19th May"]
[Site "Chess.com INT"]
[Date "2020.05.19"]
[Round "3"]
[White "Bryzgalin, Kirill"]
[Black "Narayanan, Sunilduth Lyna"]
[Result "1-0"]
[WhiteElo "2449"]
[BlackElo "2618"]
[PlyCount "99"]
[EventDate "2020.05.19"]
[EventType "swiss (blitz)"]
[EventRounds "10"]
[EventCountry "USA"]
[SourceTitle "EXT 2021"]
[Source "ChessBase"]
[SourceDate "2020.10.23"]
[SourceVersion "1"]
[SourceVersionDate "2020.10.23"]
[SourceQuality "1"]

1. d4 Nf6 2. Nf3 d5 3. c4 e6 4. Nc3 Be7 5. Bf4 0-0 6. e3 Nbd7 7. cxd5 Nxd5 8. Nxd5 exd5 9. a3 c5 10. dxc5 Nxc5 11. Be5 Bf5 12. Be2 Bf6 13. Bd4 Ne6 14. 0-0 Be4 15. Bxf6 Qxf6 16. Qd2 Qg6 17. Rfd1 Rfd8 18. g3 Qf6 19. Nd4 Ng5 20. f4 Nh3+ 21. Kf1 Qg6 22. Bf3 Qh6 23. Kg2 Re8 24. Rac1 g5 25. Bxe4 Rxe4 26. Nf5 Qg6 27. Qxd5 Nxf4+ 28. exf4 Re2+ 29. Kf1 Rae8 30. Rc8 Qh5 31. Rxe8+ Rxe8 32. Kf2 Qxh2+ 33. Kf1 Qh3+ 34. Kf2 Qh2+ 35. Kf1 Qh3+ 36. Kg1 gxf4 37. Ne7+ Rxe7 38. Qd8+ Kg7 39. Qxe7 Qxg3+ 40. Kf1 Qf3+ 41. Ke1 Qh1+ 42. Kd2 Qd5+ 43. Kc2 Qf5+ 44. Rd3 f3 45. Qe1 f2 46. Qf1 h5 47. Kd2 Qf4+ 48. Ke2 Qe4+ 49. Kxf2 h4 50. Qg2+ 1-0

[Event "Titled Tuesday intern op 19th May"]
[Site "Chess.com INT"]
[Date "2020.05.19"]
[Round "2"]
[White "Bryzgalin, Kirill"]
[Black "Safin, Robert"]
[Result "1-0"]
[WhiteElo "2449"]
[BlackElo "2287"]
[PlyCount "91"]
[EventDate "2020.05.19"]
[EventType "swiss (blitz)"]
[EventRounds "10"]
[EventCountry "USA"]
[SourceTitle "EXT 2021"]
[Source "ChessBase"]
[SourceDate "2020.10.23"]
[SourceVersion "1"]
[SourceVersionDate "2020.10.23"]
[SourceQuality "1"]

1. d4 d5 2. c4 e6 3. Nf3 Be7 4. Bf4 c6 5. e3 Nf6 6. Nc3 Bb4 7. Qb3 Qa5 8. a3 Bxc3+ 9. bxc3 Ne4 10. Qb4 Qd8 11. Be2 Na6 12. Qb2 Qa5 13. Rc1 0-0 14. 0-0 g5 15. Nxg5 Nxg5 16. Bxg5 dxc4 17. Bh6 Re8 18. Bxc4 Nc7 19. e4 Qh5 20. Bf4 Nb5 21. a4 e5 22. Bxe5 Rxe5 23. dxe5 Nc7 24. f4 Kh8 25. Rcd1 b6 26. Rd8+ Kg7 27. f5 Bb7 28. Rd7 Rc8 29. Rxf7+ Kh8 30. e6 b5 31. Be2 Qg5 32. Qc1 Qg8 33. Qf4 Ne8 34. Qe5+ Ng7 35. Rxb7 Re8 36. axb5 cxb5 37. Bxb5 a6 38. Bxe8 a5 39. Bf7 Qf8 40. f6 Nxe6 41. Bxe6 h5 42. f7+ Kh7 43. Qxh5+ Kg7 44. Qg5+ Kh8 45. Qf6+ Kh7 46. Bf5# 1-0

[Event "Titled Tuesday intern op 12th May"]
[Site "Chess.com INT"]
[Date "2020.05.12"]
[Round "6"]
[White "Bryzgalin, Kirill"]
[Black "Maghsoodloo, Parham"]
[Result "0-1"]
[WhiteElo "2449"]
[BlackElo "2676"]
[PlyCount "94"]
[EventDate "2020.05.12"]
[EventType "swiss (blitz)"]
[EventRounds "10"]
[EventCountry "USA"]
[SourceTitle "CBM 196 Extra"]
[Source "ChessBase"]
[SourceDate "2020.07.31"]
[SourceVersion "1"]
[SourceVersionDate "2020.07.31"]
[SourceQuality "1"]

1. d4 Nf6 2. Nf3 e6 3. Bg5 d5 4. e3 h6 5. Bh4 Nbd7 6. Nbd2 g5 7. Bg3 Nh5 8. c4 c6 9. Bd3 Bg7 10. 0-0 Nxg3 11. hxg3 0-0 12. b4 a5 13. a3 axb4 14. axb4 Rxa1 15. Qxa1 c5 16. cxd5 cxd4 17. Nxd4 Ne5 18. Be4 exd5 19. Bc2 Nc6 20. b5 Nxd4 21. exd4 Qb6 22. Nb3 Qxb5 23. Rb1 Qe2 24. Qb2 Re8 25. Qc3 Qc4 26. Qd3 Qxd3 27. Bxd3 b6 28. Ra1 Be6 29. Ra6 Rb8 30. Kf1 g4 31. Ke2 h5 32. Kd2 Kf8 33. Kc3 Ke7 34. Ra7+ Kf6 35. Bb5 Kg5 36. Bd7 Bf6 37. Kd3 Kf5 38. Bxe6+ fxe6 39. Nd2 Rh8 40. Rb7 Ra8 41. Rxb6 Ra4 42. Nb3 Ra2 43. Nc5 Rxf2 44. Rb1 Rxg2 45. Rf1+ Kg6 46. Nxe6 Rxg3+ 47. Ke2 Bg5 0-1

[Event "Pardubice Czech op-A 30th"]
[Site "Pardubice"]
[Date "2019.07.20"]
[Round "2"]
[White "Bryzgalin, Kirill"]
[Black "Pacan Milej, Kosma"]
[Result "1-0"]
[WhiteElo "2437"]
[BlackElo "2272"]
[PlyCount "77"]
[EventDate "2019.07.19"]
[EventType "swiss"]
[EventRounds "9"]
[EventCountry "CZE"]
[SourceTitle "CBM 191"]
[Source "ChessBase"]
[SourceDate "2019.08.31"]
[SourceVersion "1"]
[SourceVersionDate "2019.08.31"]
[SourceQuality "1"]

1. d4 Nf6 2. Nf3 d6 3. c4 Nbd7 4. Nc3 e5 5. Bg5 c6 6. e3 Be7 7. Qc2 Qa5 8. Bd3 h6 9. Bh4 0-0 10. 0-0 Re8 11. a3 exd4 12. exd4 Nf8 13. h3 Qh5 14. Ne2 Qa5 15. Rfe1 Ne6 16. Rad1 Bd7 17. b4 Qc7 18. Bg3 a5 19. c5 Nd5 20. Rb1 axb4 21. axb4 b5 22. Nd2 Qa7 23. Ne4 dxc5 24. dxc5 Qa3 25. Qd2 Ra4 26. Bc2 Ra7 27. Rb3 Qa6 28. N2c3 Nxc3 29. Rxc3 Qa2 30. Qd3 g6 31. Bb3 Qa6 32. Be5 Bc8 33. Qf3 Ng5 34. Nf6+ Kf8 35. Qf4 Bxf6 36. Qxf6 Be6 37. Qh8+ Ke7 38. Bf6+ Kd7 39. Rd3+ 1-0

[Event "Pardubice op rapid 30th"]
[Site "Pardubice"]
[Date "2019.07.19"]
[Round "7"]
[White "Bryzgalin, Kirill"]
[Black "Skliarov, Viktor"]
[Result "1-0"]
[WhiteElo "2437"]
[BlackElo "2360"]
[PlyCount "81"]
[EventDate "2019.07.17"]
[EventType "swiss (rapid)"]
[EventRounds "9"]
[EventCountry "CZE"]
[SourceTitle "CBM 191 Extra"]
[Source "ChessBase"]
[SourceDate "2019.09.30"]
[SourceVersion "1"]
[SourceVersionDate "2019.09.30"]
[SourceQuality "1"]

1. d4 Nf6 2. Nf3 g6 3. e3 Bg7 4. b4 0-0 5. Bb2 d6 6. c4 c5 7. a3 a5 8. b5 Nbd7 9. Be2 Nb6 10. 0-0 Bg4 11. Nbd2 Rc8 12. Rc1 cxd4 13. exd4 Bh6 14. Rc2 Na4 15. Ba1 Bf5 16. Rc1 Nb6 17. Bc3 a4 18. Ba5 Ra8 19. Bb4 Rc8 20. Re1 Bg4 21. Bf1 Re8 22. h3 Be6 23. Rc3 d5 24. c5 Nc4 25. Nxc4 dxc4 26. Rxe6 fxe6 27. Bxc4 Nd5 28. Qe1 Nxc3 29. Bxe6+ Kh8 30. Bxc3 Bg7 31. Ba5 Rc7 32. Qe4 Rf8 33. d5 Qb8 34. Bb4 Rcc8 35. Bxc8 Qxc8 36. Nd4 Bf6 37. Ne6 Re8 38. g3 Qd7 39. c6 bxc6 40. dxc6 Qd1+ 41. Kg2 1-0

[Event "Pardubice op rapid 30th"]
[Site "Pardubice"]
[Date "2019.07.18"]
[Round "5"]
[White "Bryzgalin, Kirill"]
[Black "Vykouk, Jan"]
[Result "1-0"]
[WhiteElo "2437"]
[BlackElo "2453"]
[PlyCount "51"]
[EventDate "2019.07.17"]
[EventType "swiss (rapid)"]
[EventRounds "9"]
[EventCountry "CZE"]
[SourceTitle "CBM 191 Extra"]
[Source "ChessBase"]
[SourceDate "2019.09.30"]
[SourceVersion "1"]
[SourceVersionDate "2019.09.30"]
[SourceQuality "1"]

1. d4 Nf6 2. Nf3 g6 3. e3 Bg7 4. b4 0-0 5. Bb2 d5 6. c4 c6 7. Nc3 Bf5 8. Be2 Ne4 9. 0-0 Nxc3 10. Bxc3 Nd7 11. a4 dxc4 12. Bxc4 c5 13. bxc5 Nxc5 14. Bb4 Ne4 15. Qb3 Rc8 16. Rfc1 a5 17. Ba3 Bg4 18. Qxb7 Bxf3 19. gxf3 Rxc4 20. Rxc4 Nd6 21. Bxd6 exd6 22. Qd5 Re8 23. Rac1 h5 24. Rc8 Qxc8 25. Rxc8 Rxc8 26. Qxa5 1-0

[Event "Pardubice op rapid 30th"]
[Site "Pardubice"]
[Date "2019.07.17"]
[Round "2"]
[White "Bryzgalin, Kirill"]
[Black "Vittorino, Carlo Giovanni"]
[Result "1/2-1/2"]
[WhiteElo "2437"]
[BlackElo "2252"]
[PlyCount "182"]
[EventDate "2019.07.17"]
[EventType "swiss (rapid)"]
[EventRounds "9"]
[EventCountry "CZE"]
[SourceTitle "CBM 191 Extra"]
[Source "ChessBase"]
[SourceDate "2019.09.30"]
[SourceVersion "1"]
[SourceVersionDate "2019.09.30"]
[SourceQuality "1"]

1. e4 c5 2. Nf3 d6 3. d4 cxd4 4. Nxd4 Nf6 5. f3 e5 6. Bb5+ Nbd7 7. Nb3 Be7 8. Be3 0-0 9. Nc3 a6 10. Bxd7 Bxd7 11. Qd2 Be6 12. 0-0-0 b5 13. Kb1 Qc7 14. g4 Rfc8 15. g5 b4 16. Ne2 Nd7 17. f4 exf4 18. Bxf4 Ne5 19. Ned4 Bg4 20. Rde1 a5 21. h3 Bd7 22. Nc1 Rab8 23. b3 Bf8 24. h4 a4 25. Nce2 Qb7 26. Ng3 Rc3 27. h5 Nf3 28. Nxf3 Rxf3 29. Rhf1 Rxf1 30. Rxf1 axb3 31. cxb3 Bc6 32. Re1 Re8 33. Qd4 Qa6 34. Rc1 Bb5 35. Rd1 Re6 36. h6 g6 37. Qxb4 Bd3+ 38. Ka1 d5 39. Qd4 dxe4 40. Rc1 Rc6 41. Nxe4 Bxe4 42. Qxe4 Re6 43. Qd4 Re2 44. Bd2 Rg2 45. Kb1 Qe2 46. Rc8 Qd1+ 47. Rc1 Qxd2 48. Qxd2 Rxd2 49. a4 Rg2 50. Rc4 Rxg5 51. b4 Bxh6 52. a5 Rb5 53. Kc2 Bf8 54. a6 Bxb4 55. a7 Ra5 56. Rc8+ Kg7 57. a8Q Rxa8 58. Rxa8 h5 59. Kd3 h4 60. Ke3 h3 61. Kf3 Bd6 62. Ra6 Be5 63. Ra5 Kf6 64. Rb5 Kf5 65. Rb7 f6 66. Rh7 h2 67. Kg2 g5 68. Rb7 Kg4 69. Rb4+ Kf5 70. Rb5 g4 71. Ra5 Kg5 72. Rb5 Kh4 73. Ra5 g3 74. Rb5 Kg4 75. Ra5 Bf4 76. Ra8 f5 77. Ra4 Kg5 78. Ra8 Be5 79. Rg8+ Kf4 80. Kh1 Ke4 81. Rg6 f4 82. Rg4 Kf5 83. Rg8 Bf6 84. Rf8 Kg5 85. Rg8+ Kh5 86. Rf8 Bg5 87. Rf7 Kg4 88. Rf8 Kh3 89. Rh8+ Bh4 90. Rg8 Bf6 91. Rxg3+ fxg3 1/2-1/2

[Event "Innsbruck op-A 2nd"]
[Site "Innsbruck"]
[Date "2018.08.31"]
[Round "8"]
[White "Bryzgalin, Kirill"]
[Black "Van den Doel, Erik"]
[Result "0-1"]
[WhiteElo "2430"]
[BlackElo "2598"]
[PlyCount "106"]
[EventDate "2018.08.24"]
[EventType "swiss"]
[EventRounds "9"]
[EventCountry "AUT"]
[SourceTitle "CBM 186 Extra"]
[Source "ChessBase"]
[SourceDate "2018.08.24"]
[SourceVersion "1"]
[SourceVersionDate "2018.08.24"]
[SourceQuality "1"]

1. d4 d5 2. c4 dxc4 3. Qa4+ c6 4. Qxc4 Nf6 5. Nf3 Bf5 6. g3 e6 7. Bg2 Nbd7 8. 0-0 Be7 9. e3 0-0 10. Rd1 Qc7 11. Nc3 e5 12. h3 Rad8 13. Qe2 exd4 14. Nxd4 Bg6 15. e4 Bb4 16. Bf4 Qc8 17. g4 Rfe8 18. f3 Nf8 19. Qf2 Bc5 20. Be3 Qb8 21. Rac1 Bd6 22. Nde2 a6 23. Ba7 Qc8 24. Be3 h6 25. Rd2 Bc7 26. Rcd1 Rxd2 27. Rxd2 N8d7 28. Ng3 Ne5 29. Bf1 Qb8 30. Kg2 b5 31. Be2 Bh7 32. Bf1 b4 33. Nce2 Nc4 34. Ba7 Qb7 35. Rc2 Nb6 36. Bxb6 Bxb6 37. Qe1 Nd5 38. Rc1 Ne3+ 39. Kh1 a5 40. Bg2 Qc7 41. b3 Qd6 42. Ng1 Bc7 43. N1e2 Bb6 44. Ng1 Rd8 45. Bf1 Bg6 46. Ba6 Nd1 47. Rc2 Nc3 48. N1e2 Qf6 49. Nxc3 Qxf3+ 50. Kh2 bxc3 51. Rxc3 Qf4 52. Rc2 Bc7 53. Re2 Rd1 0-1

[Event "Innsbruck op-A 2nd"]
[Site "Innsbruck"]
[Date "2018.08.29"]
[Round "6"]
[White "Bryzgalin, Kirill"]
[Black "Li, Di"]
[Result "1-0"]
[WhiteElo "2430"]
[BlackElo "2441"]
[PlyCount "77"]
[EventDate "2018.08.24"]
[EventType "swiss"]
[EventRounds "9"]
[EventCountry "AUT"]
[SourceTitle "CBM 186 Extra"]
[Source "ChessBase"]
[SourceDate "2018.08.24"]
[SourceVersion "1"]
[SourceVersionDate "2018.08.24"]
[SourceQuality "1"]

1. d4 Nf6 2. Nf3 g6 3. e3 Bg7 4. b4 0-0 5. Bb2 d6 6. c4 a5 7. b5 a4 8. Be2 c6 9. bxc6 bxc6 10. 0-0 Ne4 11. Qc2 Qb6 12. Ba3 f5 13. Bd3 c5 14. Bxe4 fxe4 15. Qxe4 Qc6 16. d5 Bf5 17. Qh4 Qd7 18. Nbd2 Na6 19. e4 Bg4 20. Rab1 h6 21. Qg3 Rab8 22. h3 Bh5 23. Rfe1 Nb4 24. Bb2 Nxa2 25. Bxg7 Rxb1 26. Rxb1 Kxg7 27. Nh2 g5 28. h4 Kg6 29. hxg5 hxg5 30. Ndf3 g4 31. Nh4+ Kg7 32. Qe3 Rh8 33. Qg5+ Kf7 34. Nf5 Bg6 35. Nxg4 Bxf5 36. exf5 Nb4 37. f6 Ke8 38. Re1 a3 39. Qg7 1-0